Statistics for Rhyme Time!

Click here to take the quiz!

General Stats

  • This quiz has been taken 94 times
  • The average score is 4 of 10

Answer Stats

ClueRhyme Time!% Correct
An overweight petFat Cat
91%
A four sided fruitSquare Pear
73%
An ocean-creature mealFish Dish
48%
A balanced piece of furnitureStable Table
36%
To wait for your destinyAwait Fate
31%
Strange vehicleBizarre Car
31%
A more-blazing clear liquidHotter Water
30%
An acidic wheat productSour Flour
26%
A dumb activityLame Game
9%
To talk about punishment for wrongdoingMention Detention
1%

Score Distribution

Percentile by Number Answered

Percent of People with Each Score

Your Score History

You have not taken this quiz